Media-mediated relationships : straight and gay, mainstream and alternative perspectives /

Saved in:
Bibliografiske detaljer
Hovedforfatter: Fuller, Linda K. (Author)
Format: Bog
Sprog:engelsk
Udgivet: New York [u.a.] : Haworth Press, c1996
Tags: Tilføj Tag
Ingen Tags, Vær først til at tagge denne postø!

MARC

LEADER 00000nam a22000007i 4500
001 IT\ICCU\UBO\1860235
003 ItRI
005 20260115231834.0
008 021212s1996 xxu|||||| ||||| |||||c
020 |a 1560238542 
040 |b ita  |c importazione bologna sebina 
041 7 |a eng  |2 ISO-639-2 
100 1 |a Fuller, Linda K.  |0 IT\ICCU\UBOV\098524  |4 aut 
245 1 0 |a Media-mediated relationships :  |b straight and gay, mainstream and alternative perspectives /  |c Linda K. Fuller. 
260 |a New York [u.a.] :  |b Haworth Press,  |c c1996 
300 |a XVI, 324 p. :  |b ill. ;  |c 23 cm. 
942 |2 ddc  |c BK  |n 0 
952 |0 0  |1 0  |4 0  |6 DOC_302_230000000000000_FUL  |7 0  |9 13909  |a BO  |b BO  |d 2026-01-15  |i 3531  |l 0  |o DOC 302.23 FUL  |p BO3531  |r 2026-01-15 23:18:34  |w 2026-01-15  |x [Sebina 5] [1 v.]  |y BK  |z 1 v. 
999 |c 11973  |d 11973